00284nam a2200097 a 4500008004100000050001100041100002900052245008700081260000900168350000900177120416s9999 ||||||||||||||||| || u aTHESIS aChileshe, Lawrence Mumbi10aSuccess and failure factors in the opaque beer industry on the Copperbelt Province a2000 a0.00